| 000 | 00933nam a22002297a 4500 | ||
|---|---|---|---|
| 005 | 20150206095239.0 | ||
| 008 | 131205b2006 ck ||||| |||| 00| 0 spa d | ||
| 040 |
_aCO-BoIAVH _cCO-BoIAVH |
||
| 041 | _aspa | ||
| 044 | _ack | ||
| 090 |
_aIAVH _b01582 |
||
| 100 | 1 |
_aRuiz-Guerra, José Luis _93307 |
|
| 245 | 1 | 0 |
_aSeguimiento de la comunidad de aves y evaluación de la eficacia biológica de las herramientas para el manejo del paisaje implementadas en la Cuenca Media del Río Chambery, Caldas _cCarlos Ruiz Guerra y Yanira Cifuentes |
| 260 |
_aSantaigo de Cali _bInstituto de Investigación de Recursos Biológicos Alexander von Humboldt _bCALIDRIS _c2006 |
||
| 300 |
_a72 p _bil. (col) _c28 cm. |
||
| 500 | _aInforme final | ||
| 650 |
_aAves acuáticas _932738 |
||
| 650 |
_aHerramientas de manejo _93295 |
||
| 651 |
_aColombia _xCaldas _zRío Cambery _932739 |
||
| 700 | 1 |
_aCifuentes-Sarmiento, Yanira _932740 |
|
| 942 |
_2z _cINFORME |
||
| 999 |
_c8018 _d8018 |
||